| LEADER 00000nam 2200000uu 4500 |
| 001 214380 |
| 003 ULIBM |
| 008 250818s||||||||th 000 0 tha d |
| 020 ^a978-616-93213-3-0
|
| 040 ^abcnkk
|
| 041 ^atha
|
| 060 04 ^aWY150 ^bส869น 2567
|
| 100 0 ^aสุวดี สุขีนิตย์
|
| 245 00 ^aแนวทางการพยาบาลผู้ป่วยได้รับสารน้ำทางหลอดเลือดดำ /^cสุวดี สุขีนิตย์
|
| 250 ^aพิมพ์ครั้งที่ 1
|
| 260 ^aกรุงเทพฯ :^bวิชั่น พรีเพรส ,^c2567
|
| 300 ^a148 หน้า :^bภาพประกอบ ; ตาราง ;^c30 ซม.
|
| 650 7 ^aหลอดเลือดดำ
|
| 650 0 ^aการพยาบาลผู้ป่วยได้รับสารน้ำ
|
| 650 0 ^aสารน้ำ
|
| 650 0 ^aผู้ป่วยได้รับสารน้ำ
|
| 700 0 ^aภัทรารัตน์ ตันนุกิจ
|
| 700 0 ^aจิราพร เชาว์โพธิ์ทอง
|
| 999 ^aใช้งานได้ทุกระบบ
|